| 000 | 00850nam a22001337a 4500 | ||
|---|---|---|---|
| 040 | _cRUA | ||
| 082 | _aLMA DIN 2024 B1-398 Or.1 | ||
| 100 | _aDIN SAMBO ឌិន សម្បូ | ||
| 245 | _aSTUDY ON CITIZEN PARTICIPATION IN THE SYSTEMATIC LAND REGISTRATION IN PREY KABBAS COMMUNE, PREY KABBAS DISTRICT, TAKEO PROVINCE សិក្សាអំពីការចូលរួមរបស់ប្រជាពលរដ្ឋក្នុងការចុះបញ្ជីដីធ្លីមានលក្ខណៈជាប្រព័ន្ធ នៅឃុំព្រៃកប្បាស ស្រុកព្រៃកប្បាស ខេត្តតាកែវ | ||
| 260 |
_aRUA _bPHNOM PENH _c2024 |
||
| 300 |
_ax _bill _c29cm |
||
| 856 | _uhttps://drive.google.com/file/d/1qV1xW5GxcVvniTjySar5Sqqgl6U2fGBG/view?usp=sharing | ||
| 942 | _cLMA | ||
| 999 |
_c24942 _d24942 |
||